Humanitäres Engagement, Flucht und Migration

Titel: Humanitäres Engagement, Flucht und Migration : Quellen im Archiv für Zeitgeschichte
Verfasser:
In: Arbido, Heft 2 (2009), Seite 33-35
alle Artikel anzeigen
Veröffentlicht: 2009
Format: Aufsatz
Kein Bild verfügbar
X
alg: 44198095
001A    $03036:30-01-19 
001B    $01999:30-01-19 $t23:08:16.000 
001D    $03036:30-01-19 
001U    $0utf8 
001X    $00 
002@    $0Aox    
003@    $0441980953 
007A    $0441980953 $aHEB 
007T    $0ArchMa15259 
011@    $a2009 
021A    $aHumanitäres Engagement, Flucht und Migration $dQuellen im Archiv für Zeitgeschichte 
028A    $aSpuhler $dGregor 
031A    $e2 $h33-35 $j2009 
039B    $aIn $8--Abvc--. Arbido. - Bern : Stämpfli, 1995-2016. - ISSN 1420-102X $x200900000000002967 $9048657298 
045T    $a24,1 

lok: 44198095 105

exp: 44198095 105 1 #EPN
201B/01 $030-01-19 $t14:43:59.000 
201C/01 $030-01-19 
201U/01 $0utf8 
203@/01 $01042353379 
208@/01 $a13-12-18 $be 
209A/01 $a/ $f106 $x00 
245Z/01 $a4.12.02. $bArchivwesen Europas / Schweiz, Liechtenstein / Archive und Archivbestände $x01 
247C/01 $8->Marburg, Bibliographie zum Archivwesen der Archivschule Marburg $939588196X
LEADER 00000caa a22000002c 4500
001 441980953
003 DE-603
005 20190130230816.0
007 tu
008 190130s2009 xx |||| | u00||u|und c
035 |a (DE-599)HEB441980953 
040 |a DE-603  |b ger  |c DE-603  |d DE-603 
084 |a 24,1  |2 ssgn 
100 1 |a Spuhler, Gregor 
245 0 0 |a Humanitäres Engagement, Flucht und Migration  |b Quellen im Archiv für Zeitgeschichte 
264 0 |c 2009 
773 0 8 |i In  |t Arbido  |d Bern : Stämpfli, 1995-2016  |x 1420-102X  |g Heft 2 (2009), Seite 33-35  |w (DE-603)048657298  |w (DE-600)1221449-8 
924 0 |9 -  |a (DE-603)1042353379  |b DE-  |c HES  |d d  |g /